[Event "Vojvodina-chT2"]
[Site "Vrbas"]
[Date "2011.09.30"]
[Round "8"]
[White "Vuckov, Branislav"]
[Black "Roganovic, Milos"]
[Result "0-1"]
[WhiteElo "1951"]
[BlackElo "2480"]
[PlyCount "34"]
[EventDate "2011.09.25"]
[EventType "team-tourn"]
[EventRounds "11"]
[EventCountry "SRB"]
[SourceTitle "CBM 144 Extra"]
[Source "ChessBase"]
[SourceDate "2011.10.28"]
[SourceVersion "1"]
[SourceVersionDate "2011.10.28"]
[SourceQuality "1"]

1. e4 c5 2. Nf3 Nc6 3. Nc3 g6 4. b3 Bg7 5. Bb2 Nf6 6. Nd5 0-0 7. Nxf6+ exf6 8. Be2 Re8 9. d3 f5 10. Bxg7 fxe4 11. dxe4 Kxg7 12. Nd2 d5 13. exd5 Nd4 14. Nf3 Nxe2 15. Qxe2 Rxe2+ 16. Kxe2 Qxd5 17. Rhd1 Qe4+ 0-1

[Event "Vojvodina-chT2"]
[Site "Vrbas"]
[Date "2011.09.28"]
[Round "5"]
[White "Ratkovic, Milovan"]
[Black "Vuckov, Branislav"]
[Result "1-0"]
[WhiteElo "2177"]
[BlackElo "1951"]
[PlyCount "63"]
[EventDate "2011.09.25"]
[EventType "team-tourn"]
[EventRounds "11"]
[EventCountry "SRB"]
[SourceTitle "CBM 144 Extra"]
[Source "ChessBase"]
[SourceDate "2011.10.28"]
[SourceVersion "1"]
[SourceVersionDate "2011.10.28"]
[SourceQuality "1"]

1. d4 d5 2. c4 e6 3. Nc3 Nf6 4. cxd5 Nxd5 5. e4 Nb6 6. Be3 c6 7. Nf3 Be7 8. Bd3 N8d7 9. 0-0 0-0 10. Qc2 h6 11. Rfd1 Qc7 12. Rac1 Nf6 13. Qd2 Qd8 14. e5 Nfd5 15. Bxh6 f5 16. exf6 Bxf6 17. Bg5 Nxc3 18. bxc3 Nd5 19. Bb1 Bxg5 20. Nxg5 Nf4 21. h4 Bd7 22. g3 Nd5 23. Qc2 Nf6 24. Re1 Qe8 25. Re5 g6 26. Ne4 Nxe4 27. Qxe4 Rf6 28. Rg5 Rf5 29. Qg4 Kg7 30. h5 Rxg5 31. Qxg5 Qf7 32. Bxg6 1-0

[Event "Vojvodina Cup"]
[Site "Banja Junakovic"]
[Date "2007.04.30"]
[Round "4.6"]
[White "Knezevic, Milorad J"]
[Black "Vuckov, Branislav"]
[Result "1/2-1/2"]
[WhiteElo "2169"]
[BlackElo "2030"]
[PlyCount "26"]
[EventDate "2007.04.28"]
[EventType "team"]
[EventRounds "5"]
[EventCountry "YUG"]
[SourceTitle "EXT 2008"]
[Source "ChessBase"]
[SourceDate "2007.11.25"]
[SourceVersion "1"]
[SourceVersionDate "2007.11.25"]
[SourceQuality "1"]

1. b3 b6 2. Bb2 Bb7 3. e3 e6 4. Nf3 d5 5. d4 Nf6 6. Be2 Nbd7 7. 0-0 h6 8. c4 c6 9. cxd5 cxd5 10. Ba3 Bxa3 11. Nxa3 0-0 12. Nb1 Ne4 13. Nfd2 Nef6 1/2-1/2